000 03646cam a22005054i 4500
003 PE-LiUPU
005 20250731172859.0
008 170105s2016 xxua rb 001 0 eng d
020 _a1451482086
020 _a9781451482089
035 _a(Sirsi) a165861
040 _aPE-LiUPU
_bspa
_cPE-LiUPU
_erda
049 _aPRUA
082 0 4 _a227.06
_bP2
_223
245 _aPaul and the apocalyptic imagination /
_cBen C. Blackwell, John K. Goodrich, and Jason Maston, editors.
264 1 _aMinneapolis, MN :
_bFortress Press,
_c[2016]
300 _axii 391 páginas :
_bilustraciones ;
_c23 centimetros.
336 _atext
_2rdacontent
337 _aunmediated
_2rdamedia
338 _avolume
_2rdacarrier
504 _aBibliografía :final de cada parte
504 _aÍndices: páginas 361-391.
505 0 _aPaul and the Apocalyptic Imagination: An Introduction / Ben C. Blackwell, John K. Goodrich, and Jason Maston -- "Then I Proceeded to Where Things Were Chaotic" (1 Enoch 21:1): Mapping the Apocalyptic Landscape / David A. Shaw -- Apocalyptic as God's Eschatological Activity in Paul's Theology / Martinus C. de Boer -- Apocalyptic Epistemology: The Sine Qua Non of Valid Pauline Interpretation / Douglas A. Campbell -- Apocalyptic as Theoria in the Letters of St. Paul: A New Perspective on Apocalyptic as Mother of Theology / Edith M. Humphrey -- Apocalyptic and the Sudden Fulfillment of Divine Promise / N. T. Wright -- Some Reflections on Apocalyptic Thought and Time in Literature from the Second Temple Period / Loren T. Stuckenbruck -- The Transcendence of Death and Heavenly Ascent in the Apocalyptic Paul and the Stoics / Joseph R. Dodson -- Second-Century Perspectives on the Apocalyptic Paul: Reading the Apocalypse of Paul and the Acts of Paul / Ben C. Blackwell -- Some Remarks on Apocalyptic in Modern Christian Theology / Philip G. Ziegler -- Righteousness Revealed: The Death of Christ as the Definition of the Righteousness of God in Romans 3:21-26 / Jonathan A. Linebaugh -- Thinking from Christ to Israel: Romans 9-11 in Apocalyptic Context / Beverly Roberts Gaventa -- Apocalyptic Allegiance and Disinvestment in the World: A Reading of 1 Corinthians 7:25-35 / John M. G. Barclay -- After Destroying Every Rule, Authority, and Power: Paul, Apocalyptic, and Politics in 1 Corinthians / John K. Goodrich -- Plight and Solution in Paul's Apocalyptic Perspective: A Study of 2 Corinthians 5:18-21 / Jason Maston -- The Apocalyptic New Covenant and the Shape of Life in the Spirit according to Galatians / Michael J. Gorman -- The Two Ages and Salvation History in Paul's Apocalyptic Imagination: A Comparison of 4 Ezra and Galatians / J. P. Davies.
526 _aSEG42
526 _aSEG41
526 _aSEG40
526 _aSEG39
526 _aP94
526 _aP87
526 _aP86
526 _aP85
526 _aP77
526 _aP76
526 _aP35
650 0 0 _aEscatología.
_95923
700 1 _aGoodrich, John,
_d1981- ,
_eeditor.
700 1 _aMaston, Jason,
_d1978- ,
_eeditor.
700 1 _aBlackwell, Ben C.,
_d1974- ,
_eeditor.
910 _ajck
_bjvq
_cjck
_d20170105
942 _2ddc
_cBOOK
949 _a227.06 P29
_wDEWEY
_c1
_i75492
_lCATALOGING
_mBUL
_p00.00
_r0
_sY
_tBOOK
_u2017-01-05
_xTEOLOGIA
_zPOSGRADO TEOLOGÍA
_0COMPRA
_o.CIRCNOTE. El documento es de alto precio.
_o.STAFF. Colección Teología
596 _a1
999 _a227.06 P2
_wDEWEY
_c14608
_i75492
_f2021-11-9
_g5
_lCCODEBUL1
_mBUL
_p29.00
_r0
_sY
_tBOOK
_u2017-1-5
_xTEOLOGIA
_PP85
_0COMPRA
_o.STAFF. Colección Teología
_d14608
980 _81
_gALBERTO SANCHEZ Responsable de Automatización